00287nam a2200109 a 450000500170000000800410001705000180005810000190007624500200009526000370011544000250015220140414131906.0100922s19uu xx 00 eng d aFICbW69 2000 aWillson, Sarah aPrince Chuckie. aNew York :bNickelodeon,c2001. aRugrats chapter book